000 00579nam a2200133Ia 4500
008 100328s9999 xx 000 0 und d
082 _b74316
100 _aगाला ध. रा.
245 _aमधुमेह व उच्च रक्तदाब दूर ठेवा जन्मभर.
260 _bनवनीत.
630 _aमधुमेह व उच्च रक्तदाब दूर ठेवा जन्मभर.
730 _aमधुमेह व उच्च रक्तदाब दूर ठेवा जन्मभर.
942 _cBOOK
999 _c560037
_d560034